Resident Evil Games - Statistics

General Stats
  • This quiz has been taken 234 times
  • The average score is 6 of 7
Answer Stats
Hint Answer % Correct
The Game Where You Could Play As Either Chris Redfield Or Jill Valentine Resident Evil Remake
100%
The Game Where You Could Play As Mainly Leon Scott Kennedy Or Claire Redfield Resident Evil 2
99%
The Game Where You Could Play As Leon Scott Kennedy And You Rescue Ashley Graham Resident Evil 4
97%
The Game Where You Could Play As Chris Redfield Or Sheva Alomar Resident Evil 5
95%
The Game Where You Could Play As Rebecca Chambers And Billy Coen Resident Evil 0
91%
The Game Which Introduced The Character Of Jake Muller AKA Wesker's Son Resident Evil 6
91%
The Game Where You Could Play As Jill Valentine And Carlos Oliveira Resident Evil 3 Nemesis
59%
No matching quizzes found
Score Distribution
Percent of People with Each Score
Percentile by Number Answered
Your Score History
You have not taken this quiz